| 000 | 00902nam a2200265 i 4500 | ||
|---|---|---|---|
| 001 | 92708 | ||
| 003 | ES-MaACL | ||
| 005 | 20250920063049.0 | ||
| 007 | t| | ||
| 008 | 050419s1984 sp ||||1| spa d | ||
| 020 | _a84-206-0054-7 | ||
| 080 | _a17.036.24(04) | ||
| 100 | 1 |
_aMill, John Stuart, _d1806-1873 _981119 |
|
| 245 | 1 | 3 |
_aEl utilitarismo _b: un sistema de la lógica / _cJohn Stuart Mill ; introducción, traducción y notas de Esperanza Guisán. |
| 260 |
_aMadrid : _bAlianza Editorial, _c[1984] |
||
| 300 |
_a153 p. ; _c18 cm. |
||
| 490 | 1 |
_aEl libro de bolsillo ; _v1054. _aHumanidades |
|
| 650 | 1 | 4 |
_aUtilitarismo. _917718 |
| 700 | 0 |
_aGuisán, Esperanza. _960899 |
|
| 830 | 0 | 3 |
_aEl libro de bolsillo. _pHumanidades _v1054. _9178672 |
| 852 |
_aES-MaACL _jE-10995 _bR.134780 _996090 |
||
| 852 |
_aES-MaACL _jL-6653/Ej.1 _9108316 |
||
| 942 | _2udc | ||
| 999 |
_c92708 _d92708 |
||